Koncept inteligentného a trvalo udržateľného mesta-najúspešnejšie európske príklady diplomová práca

Enregistré dans:
Détails bibliographiques
Auteur principal: Csizmadia, Andrej
Collectivité auteur: Fakulta medzinárodných vzťahov EU. Katedra medzinárodných ekonomických vzťahov a hospodárskej diplomacie
Autres auteurs: Baculáková, Kristína, 1988-
Format: Livre
Langue:slovaque
Publié: Bratislava 2018
Tags: Ajouter un tag
Pas de tags, Soyez le premier à ajouter un tag!

MARC

LEADER 00000nbm a2200000 4500
001 0244474
005 20180808081458.0
041 0 |a slo 
044 |a SK 
245 1 0 |a Koncept inteligentného a trvalo udržateľného mesta-najúspešnejšie európske príklady  |b diplomová práca  |c Andrej Csizmadia ; školiteľ: Kristína Baculáková 
264 1 |a Bratislava  |c 2018 
300 |a 96 s. 
100 1 |a Csizmadia, Andrej 
700 1 |a Baculáková, Kristína, 1988- 
710 2 |a Fakulta medzinárodných vzťahov EU. Katedra medzinárodných ekonomických vzťahov a hospodárskej diplomacie